Normal view MARC view
  • Revolutions

Entry Topical Term

Number of records used in: 9

001 - CONTROL NUMBER

  • control field: 7338

003 - CONTROL NUMBER IDENTIFIER

  • control field: NUST

005 - DATE AND TIME OF LATEST TRANSACTION

  • control field: 20171215105847.0

008 - FIXED-LENGTH DATA ELEMENTS

  • fixed length control field: 171215|| aca||aabn | a|a d

040 ## - CATALOGING SOURCE

  • Original cataloging agency: NUST
  • Transcribing agency: NUST

150 ## - HEADING--TOPICAL TERM

  • Topical term or geographic name entry element: Revolutions
  • General subdivision: Economic aspects.

670 ## - SOURCE DATA FOUND

  • Source citation: Work cat.: (NUST)0: Acemoglu, Daron. 7333, Why nations fail :, c2012.
© 2023 Central Library, National University of Sciences and Technology. All Rights Reserved.